MARC

LEADER 00000nam0a2200000 4500
001 252165
005 20231101232726.0
010 |a 5713300552 
035 |a (RuTPU)RU\TPU\book\274495 
090 |a 252165 
100 |a 20140227d1989 k y0rusy50 ca 
101 0 |a rus 
102 |a RU 
105 |a a z 001zb 
200 1 |a Шарль Морис Талейран  |f Ю. В. Борисов 
205 |a 2-е изд., доп. 
210 |a Москва  |c Международные отношения  |d 1989 
215 |a 328 с.  |c ил. 
320 |a Библиогр.: с. 315-327. 
600 1 |a Талейран  |b Ш. М.  |g Шарль Морис  |c французский государственный деятель  |c дипломат  |f 1754-1838  |2 stltpush  |3 (RuTPU)RU\TPU\pers\11628 
606 1 |a Франция  |x История  |z 16 в.-1918  |2 stltpush  |3 (RuTPU)RU\TPU\subj\68058  |9 83596 
610 1 |a политическая история 
610 1 |a политические деятели 
610 1 |a государственные деятели 
610 1 |a Франция 
610 1 |a история 
610 1 |a 18 век 
610 1 |a 19 век 
686 |a Т3(4Фр)5  |v LBC/SL-A  |2 rubbk 
700 1 |a Борисов  |b Ю. В.  |g Юрий Васильевич 
801 1 |a RU  |b 63413507  |c 20140227 
801 2 |a RU  |b 63413507  |c 20140318  |g RCR 
942 |c BK